Normal view
MARC view
- Pandey, V
Entry Personal Name
001 - CONTROL NUMBER
- control field: 78104
003 - CONTROL NUMBER IDENTIFIER
- control field: OSt
005 - DATE AND TIME OF LATEST TRANSACTION
- control field: 20220806113545.0
008 - FIXED-LENGTH DATA ELEMENTS
- fixed length control field: 220806|| aca||aabn | a|a d
040 ## - CATALOGING SOURCE
- Original cataloging agency: OSt
- Transcribing agency: OSt
100 ## - HEADING--PERSONAL NAME
- Personal name: Pandey, V
670 ## - SOURCE DATA FOUND
- Source citation: Work cat.: (OSt)43296: Pandey, V., Rethinking Urban Development: Exploring Cosmopolitanism and Regionalism in post-Industrial Cities, 2014